| 000 | 00377nam a22001697a 4500 | ||
|---|---|---|---|
| 005 | 20230525175152.0 | ||
| 008 | 230524b |||||||| |||| 00| 0 eng d | ||
| 020 | _a9789382247388 | ||
| 082 |
_a658.5 _bCHO-I |
||
| 100 | _aChoudhary;Rahul | ||
| 245 | _aIndustrial Engineering | ||
| 250 | _a7th | ||
| 260 | _aIndia | ||
| 300 | _a5.45 | ||
| 650 | _aEngineering | ||
| 999 |
_c18521 _d18521 |
||